Pays d'Asie les plus orientaux - Statistiques

Statistiques générales
  • Ce quiz a été pris 22 793 fois
  • Le résultat moyen est 9 sur 10
Statistiques - réponses
Longitude Pays % Correct
153°59' E Japon
99%
134°46' E Chine
97%
130°56' E Corée du Sud
94%
130°40' E Corée du Nord
93%
141°05' E Indonésie
89%
169°01' O Russie
87%
126°34' E Philippines
84%
122°06' E Taïwan
82%
119°56' E Mongolie
69%
127°19' E Timor oriental
59%
Aucun quiz correspondant
Distribution des résultats
% des personnes avec chaque résultat
Percentile par nombre de réponses
Votre historique - résultats
Vous n’avez pas pris ce quiz